000 01022nam2a22002771 4500
001 v19\rc\1907804
005 20251118180543.3
035 _a(NLR Aleph) 004996827
090 _a6344583
_c6344583
100 _a20080404d1911 u y0rusy50 ca
101 0 _arus
102 _aRU
105 _ay z |||||
200 0 _a... за 1907-1910 гг.
210 _d1911
215 _a[2], 71 с.
461 0 _1001v19\rc\1907803
_12001#$aОтчет о деятельности Иркутского общества "Просвещение"...$v... за 1907-1910 гг.
_96344576
_a"Просвещение", о-во (Иркутск)
_cИркутск
_d1911
_tОтчет о деятельности Иркутского общества "Просвещение"...
_v... за 1907-1910 гг.
801 0 _aRU
_bNLR
_gpsbo
801 0 _aRU
_bRuMoRGB
_2psbo
801 1 _aRU
_bProSoft-M
_2rusmarc
852 _aNLR
_j18.315.7.49
899 _aRuMoRGB
_jP 78/509
899 _aRuMoRGB
_jP 1/282
899 _aБАН
942 _cBOOK
980 _aNB